| 000 | 00455nam a2200205Ia 4500 | ||
|---|---|---|---|
| 005 | 20250425161048.0 | ||
| 008 | 250425s9999 xx 000 0 und d | ||
| 041 | _aspa | ||
| 082 | _a546 | ||
| 100 | _aFLIOROV, G. N. | ||
| 245 | 0 | _aEN EL CAMINO HACIA LOS SUPERELEMENTOS | |
| 250 | _a1A ED. | ||
| 260 | _aMOSCOW | ||
| 260 |
_aRusia _bMIR _c1985 |
||
| 300 | _a152 | ||
| 650 | _aNOMENCLATURAS | ||
| 710 | _aS.A. | ||
| 942 | _c01 | ||
| 010 | _a11680 | ||
| 999 |
_c201676 _d201676 |
||